书目信息 |
| 题名: |
调查研究的故事
|
|
| 作者: | ;河北人民出版社 选编 | |
| 分册: | ||
| 出版信息: | 石家庄 河北人民出版社 1984 |
|
| 页数: | 186页 | |
| 开本: | 19cm | |
| 丛书名: | ||
| 单 册: | ||
| 中图分类: | I242.7 | |
| 科图分类: | ||
| 主题词: | 短篇小说--中国--近代--选集 | |
| 电子资源: | ||
| ISBN: | ||
| 000 | 00712nam0 2200253 45 | |
| 001 | 0184008768 | |
| 005 | 20030105042929.0 | |
| 010 | @dCNY0.56 | |
| 091 | @a10086.187 | |
| 100 | @a19950522d1984 em y0chiy0121 ea | |
| 101 | 0 | @achi |
| 102 | @aCN@b130000 | |
| 105 | @af z 000ay | |
| 106 | @ar | |
| 200 | 10 | @a调查研究的故事@Adiao cha yan jiu de gu shi@f河北人民出版社选编 |
| 205 | @a2版 | |
| 210 | @a石家庄@c河北人民出版社@d1984 | |
| 215 | @a186页@c插图@d19cm | |
| 606 | @a短篇小说@y中国@z近代@x选集 | |
| 690 | @aI242.7@v3 | |
| 711 | 02 | @a河北人民出版社@Ahe bei ren min chu ban she@4选编 |
| 801 | 0 | @aCN@b上海图书馆@c20030105 |
| 801 | 2 | @aCN@bNLC@c20030105 |
| 905 | @f1@b115047@f1@b115049@dI242.7@e12 | |
| 调查研究的故事/河北人民出版社选编.-2版.-石家庄:河北人民出版社,1984 |
| 186页:插图;19cm |
| ISBN :CNY0.56 |
| ● |
| 相关链接 |
|
|
|
|
正题名:调查研究的故事
索取号:I242.7/12
 
预约/预借
| 序号 | 登录号 | 条形码 | 馆藏地/架位号 | 状态 | 备注 |
| 1 | 0115047 | 000106999 | 第二借阅区/ [索取号:I242.7/12] | 在馆 | |
| 2 | 0115049 | 000106968 | 密集书库/ [索取号:I242.7/12] | 在馆 |